| 000 | 00824nam a2200301 a 4500 | ||
|---|---|---|---|
| 003 | AR-BaBNM | ||
| 005 | 20251128204104.0 | ||
| 008 | 082120s2002 ||||||||||||||000 | spa|| | ||
| 040 | _cAR-BaBNM | ||
| 100 | 1 | _aMastronardi, Carlos | |
| 245 | 0 | 0 |
_aLuz de provincia _by otros poemas |
| 260 |
_aBuenos Aires _bCentro Editor de América Latina _c1988 |
||
| 300 |
_a31 p. _bil. |
||
| 490 | 0 |
_aLos grandes poetas _vv. 45 |
|
| 650 | 4 | _aPOETAS | |
| 650 | 4 | _aLITERATURA ARGENTINA | |
| 650 | 4 | _aPOESIA | |
| 650 | 4 | _aANALISIS LITERARIO | |
| 650 | 4 | _aCRITICA LITERARIA | |
| 650 | 4 | _aLITERATURA CONTEMPORANEA | |
| 650 | 4 | _aBIOGRAFIAS | |
| 655 | _aLITERATURA | ||
| 700 | 1 |
_aHerrera, Ricardo H. _ecompilador |
|
| 700 | 1 |
_aPonce, Raúl _eilustrador |
|
| 800 | 1 |
_aLafforgue, Jorge _edirector |
|
| 942 | _cBK | ||
| 998 | _cEthel | ||
| 999 |
_c6122 _d6122 |
||